00625 2200229 4500001002100000005001700021008004100038035002400079082002000103090002700123100001800150245006300168250001100231260003500242300002200277650002500299700002200324850001500346980001300361985000600374999001500380YOGYA-0209000000931620090227021211.0 ind  0010-020900000009316 a303.62095982471 a303.62095982471bAbi T aABIYOSO, Anis aTeror Subuh di KanigorocAnis Abiyoso, Asmadun Y. Herfanda aCet. 1 aYogyakartabBentang Jayac1995 aix, 85 hlmc21 cm aTerorisme - Kanigoro aHerfanda, Ahmadan aYOPDYOG(B) a11-06-05 a1 a97P0100023